000 00363nam a22001217a 4500
999 _c3733
_d3733
005 20201217092206.0
008 201217b ||||| |||| 00| 0 eng d
020 _a9780132079648
040 _cCML
245 _aOrganizational Behavior.
_cRobbins S.P.
260 _aNew jersey
_bPearson Education
_c2001
942 _2ddc
_cVIDEO
_e1st Edition
_h658
_mROB